000 00315nam a22001457a 4500
008 221208b ||||| |||| 00| 0 eng d
020 _a9780321783806
041 _aeng
080 _2FIFTH EDITION
_a51
082 _a51LIA
100 _a22.1
101 _aMATE
245 _aPRECALCULUS
_cLIAL
942 _2udc
_cBK
999 _c59146
_d59146